=LDR 00000nam 2200000 4500 =001 INLIS000000000026851 =005 20130612125253 =008 ***********************************ind** =035 ##$$0010-061300000026851 =041 ##$$a ind =082 ##$$a 728.05 =090 ##$$a 728.05, KEN t =100 ##$$a Kencana, Ira Puspa =245 ##$$a Taman Air, 8 Desain taman air cantik memilih dan menata tanaman, kiat praktis perawatan, Ira Puspa Kencana, Mona Sintia; editor, Hormian Siahaan =250 ##$$a Serial Taman =260 ##$$a 2007 $b [s.l] =300 ##$$a 64 hlm., ilus., 28 cm =650 ##$$a Rumah Tinggal =650 ##$$a Tabliot =700 ##$$a Sintia, Mona =850 ##$$a NBPNMAT